LIBRARY & INFORMATION CENTRE, KCAET, TAVANUR

ONLINE PUBLIC ACCESS CATALOGUE (OPAC)

Machineshop theory and practice / (Record no. 9209)

MARC details
000 -LEADER
fixed length control field 00449cam a2200169ua 4500
003 - CONTROL NUMBER IDENTIFIER
control field OSt
008 - FIXED-LENGTH DATA ELEMENTS--GENERAL INFORMATION
fixed length control field 250328b |||||||| |||| 00| 0 eng d
041 ## - LANGUAGE CODE
Language code of text/sound track or separate title eng
082 ## - DEWEY DECIMAL CLASSIFICATION NUMBER
Classification number 621.901
Item number WAG/MA
100 ## - MAIN ENTRY--AUTHOR NAME
Personal name Wegener, Albert M .
245 ## - TITLE STATEMENT
Title Machineshop theory and practice /
250 ## - EDITION STATEMENT
Edition statement 2 /
260 ## - PUBLICATION, DISTRIBUTION, ETC. (IMPRINT)
Place of publication New Delhi :
Name of publisher Affiliated East West Press Pvt Ltd ,
Year of publication 1950.
300 ## - PHYSICAL DESCRIPTION
Number of Pages 306 ; .
700 1# - ADDED ENTRY--PERSONAL NAME
Personal name Arthur, Harlan R .
942 ## - ADDED ENTRY ELEMENTS (KOHA)
Koha item type Books
Holdings
Withdrawn status Lost status Damaged status Home library Current library Date acquired Full call number Accession Number Koha item type
      KAUAET KAUAET 07/04/2012 621.901 WAG/MA 12841 Books
free website counter